|
|
|
|
| LEADER |
00000nam0a2200000 4500 |
| 001 |
334357 |
| 005 |
20231101031153.0 |
| 035 |
|
|
|a (RuTPU)RU\TPU\book\360438
|
| 035 |
|
|
|a RU\TPU\book\53476
|
| 090 |
|
|
|a 334357
|
| 100 |
|
|
|a 20170721d1964 m y0rusy50 ca
|
| 101 |
0 |
|
|a rus
|
| 102 |
|
|
|a RU
|
| 105 |
|
|
|a a j 000zy
|
| 200 |
1 |
|
|a Электротехника с основами промышленной электроники
|e учебник для среднего профессионально-технического образования
|f В. Е. Китаев, Л. С. Шляпинтох
|
| 210 |
|
|
|a Москва
|c Высшая школа
|d 1964
|
| 215 |
|
|
|a 412 с.
|c ил.
|
| 225 |
1 |
|
|a Электротехника
|
| 610 |
1 |
|
|a промышленная электроника
|
| 610 |
1 |
|
|a электростатика
|
| 610 |
1 |
|
|a постоянный ток
|
| 610 |
1 |
|
|a электромагнетизм
|
| 610 |
1 |
|
|a электромагнитная индукция
|
| 610 |
1 |
|
|a переменный ток
|
| 610 |
1 |
|
|a трехфазный ток
|
| 610 |
1 |
|
|a электрические измерения
|
| 610 |
1 |
|
|a измерительные приборы
|
| 610 |
1 |
|
|a трансформаторы
|
| 610 |
1 |
|
|a двигатели асинхронные
|
| 610 |
1 |
|
|a синхронные машины
|
| 610 |
1 |
|
|a постоянный ток
|
| 610 |
1 |
|
|a электрическая энергия
|
| 610 |
1 |
|
|a передача
|
| 610 |
1 |
|
|a распределение
|
| 610 |
1 |
|
|a газоразрядные устройства
|
| 610 |
1 |
|
|a полупроводниковые приборы
|
| 610 |
1 |
|
|a учебники
|
| 675 |
|
|
|a 621.3(075.3)
|v 3
|
| 675 |
|
|
|a 621.38(075.3)
|v 3
|
| 700 |
|
1 |
|a Китаев
|b В. Е.
|g Валентин Евгеньевич
|
| 701 |
|
1 |
|a Шляпинтох
|b Л. С.
|g Лев Самойлович
|
| 801 |
|
1 |
|a RU
|b 63413507
|c 20030424
|g PSBO
|
| 801 |
|
2 |
|a RU
|b 63413507
|c 20201118
|g PSBO
|
| 942 |
|
|
|c BK
|